The (un)common sense of management (Record no. 1840)
[ view plain ]
| 000 -LEADER | |
|---|---|
| fixed length control field | 00907 a2200241 4500 |
| 010 ## - LIBRARY OF CONGRESS CONTROL NUMBER | |
| LC control number | ENG-85293 |
| 020 ## - INTERNATIONAL STANDARD BOOK NUMBER | |
| International Standard Book Number | 076193524X |
| Terms of availability | 495.00 |
| 020 ## - INTERNATIONAL STANDARD BOOK NUMBER | |
| International Standard Book Number | 9780761935247 |
| 035 ## - SYSTEM CONTROL NUMBER | |
| System control number | EN-68826 |
| 082 14 - DEWEY DECIMAL CLASSIFICATION NUMBER | |
| Classification number | 658 |
| 090 ## - LOCALLY ASSIGNED LC-TYPE CALL NUMBER (OCLC); LOCAL CALL NUMBER (OCLC) | |
| -- | 1872 |
| -- | 1872 |
| 100 1# - MAIN ENTRY--PERSONAL NAME | |
| Personal name | Tiwari, Sanjay, |
| 245 1# - TITLE STATEMENT | |
| Title | The (un)common sense of management |
| Remainder of title | five skills and a sixth sense |
| Statement of responsibility, etc | Sanjay Tiwari. |
| 246 1# - VARYING FORM OF TITLE | |
| Title proper/short title | Uncommon sense of management |
| 260 ## - PUBLICATION, DISTRIBUTION, ETC. (IMPRINT) | |
| Place of publication, distribution, etc | New Delhi |
| Name of publisher, distributor, etc | Response Books, |
| Date of publication, distribution, etc | 2006. |
| 300 ## - PHYSICAL DESCRIPTION | |
| Extent | 389 p. : |
| Other physical details | ill. ; |
| Extent | 25 cm. |
| 500 ## - GENERAL NOTE | |
| General note | Includes bibliographical reference and index |
| 650 #0 - SUBJECT ADDED ENTRY--TOPICAL TERM | |
| Topical term or geographic name as entry element | Management. |
| 856 41 - ELECTRONIC LOCATION AND ACCESS | |
| Materials specified | Table of contents only |
| Uniform Resource Identifier | <a href="http://www.loc.gov/catdir/toc/ecip0617/2006021734.html">http://www.loc.gov/catdir/toc/ecip0617/2006021734.html</a> |
| 856 41 - ELECTRONIC LOCATION AND ACCESS | |
| Materials specified | Publisher description |
| Uniform Resource Identifier | <a href="http://www.loc.gov/catdir/enhancements/fy0704/2006021734-d.html">http://www.loc.gov/catdir/enhancements/fy0704/2006021734-d.html</a> |
| 942 ## - ADDED ENTRY ELEMENTS (KOHA) | |
| Institution code [OBSOLETE] | dpl |
| Koha item type | English Books |
| Call number prefix | 658 / TIW |
| Withdrawn status | Lost status | Source of classification or shelving scheme | Damaged status | Not for loan | Collection code | Home library | Current library | Source of acquisition | Cost, normal purchase price | Total Checkouts | Full call number | Barcode | Date last seen | Copy number | Uniform Resource Identifier | Cost, replacement price | Price effective from | Koha item type |
|---|---|---|---|---|---|---|---|---|---|---|---|---|---|---|---|---|---|---|
| Dewey Decimal Classification | Not For Loan | Non-fiction | D.B.Act.Division | D.B.Act.Division | DBAD/PUB | 495.00 | 658 TIW | EN-68826 | 15/09/2008 | 1 | 1949 | 495.00 | 15/09/2008 | English Books |
